01263nam a22002657a 450000500170000000800410001702000150005804000070007304100080008008200220008810000280011024500460013826000400018430000240022436500360024850000220028452004450030665000270075165000320077865000190081070000300082994200120085999900190087195201070089020210928063512.0210928b ||||| |||| 00| 0 eng d a8170492785 cAL aeng 223a327.117bDHAF aMaloy Krishna Dhar9459 aFulcrum of evilbISI, CIA, Al Qaeda Nexus aNew DelhibManas Publicationsc2006 a402p.bHBc25x16cm. b795.00c₹d795.00f2013/03/24 aPolitical Science aThe volume incorporates details of major Pakistani security and intelligence services, structural and functional characteristics of the ISI and its devastating interventions in the internal political affairs of Pakistan. The book delves deep into the ISI's intricate connectivity with the International Islamic Jihad movement. This is the first comprehensive effort to unveil the darker sides of Pakistan's prime intelligence agency.  aPolitical Science9460 aIslamic Fundamentalism9461 aTerrorism9462 aDHAR (Maloy Krishna)9463 2ddccGF c216410d216410 00102ddc40708PSaALbALd2013-03-24l0o327.117 DHAFpGF01575r2021-09-28 00:00:00w2013-03-24yGF